Modelovanie podnikovej architektúry s využitím jazyka Archimate diplomová práca

Guardado en:
Detalles Bibliográficos
Autor principal: Žjak, Ivan
Autor Corporativo: Fakulta hospodárskej informatiky EU. Katedra aplikovanej informatiky
Otros Autores: Škurla, Peter
Formato: Libro
Lenguaje:eslovaco
Publicado: Bratislava 2015
Etiquetas: Agregar Etiqueta
Sin Etiquetas, Sea el primero en etiquetar este registro!

MARC

LEADER 00000nbm a2200000 4500
001 0203494
005 20161212112601.5
041 0 |a slo 
044 |a SK 
245 1 0 |a Modelovanie podnikovej architektúry s využitím jazyka Archimate  |b diplomová práca  |c Ivan Žjak ; školiteľ: Peter Škurla 
264 1 |a Bratislava  |c 2015 
300 |a 80 s. 
100 1 |a Žjak, Ivan 
700 1 |a Škurla, Peter 
710 2 |a Fakulta hospodárskej informatiky EU. Katedra aplikovanej informatiky